00321nam a2200121Ia 4500008004100000041000800041082001700049100005000066245003000116260002900146300001300175365001100188240624s9999 xx 000 0 und d aeng a332.6457 NIS aNATIONAL INSTITUTE OF SECURITIES MARKETS NISM aINTEREST RATE DERIVATIVES c2015aNew DelhibTaxmann a136 , p. cRSb30